| 000 | 00592nam a22001817a 4500 | ||
|---|---|---|---|
| 999 |
_c166148 _d166148 |
||
| 005 | 20220216103702.0 | ||
| 010 | _aENG-125924 | ||
| 020 |
_a9789388322270 _c299.00 |
||
| 035 | _aEN-109456 | ||
| 037 | _bDBAD/PUB | ||
| 082 | _a725.9 | ||
| 100 | _aMenon, Sreelata | ||
| 245 |
_a501 facts and factory : _bamazing buildings of the world / _cby Sreelata Menon |
||
| 260 |
_aGurugram _bHachette Books Publishing _c2019 |
||
| 270 |
_a4th and 5th Floor, Corporate Centre, Plot No.-94, Sector 44 _bGurugram _e122003 |
||
| 300 |
_a170p. _c20cm(pbk) |
||
| 942 |
_2ddc _cEN _h725.9 _mMEN |
||